000 00656nam a2200205 i 4500
001 bgj
245 0 0 _aSecond Language Acquisition and Foreign Language Teaching /
_cedited by Rosario Gingras.
260 _aWashington :
_bCenter for Applied Linguistics,
_c1978.
300 _aX, 107 pp :
_bill. ;
_c23 cm.
504 _aBibliography p. 98-107.
650 9 _aLanguage and languages
_xStudy and teaching
650 9 _aSecond language acquisition
655 _aCongresses
700 1 _aGINGRAS, Rosario.
_eed.
710 p 0 _aCenter for Applied Linguistics
040 _cBPK
041 0 _aeng
942 _cKS
008 s uk f |000 0 eng
999 _c47631
_d47631
856 _uhttp://koha.tu.koszalin.pl/cgi-bin/koha/opac-detail.pl?biblionumber=47631
_yKatalog online BPK